Designing to reduce the chemical, biological and radiological vulnerability of new buildings (Record no. 115588)
[ view plain ]
| 000 -LEADER | |
|---|---|
| fixed length control field | 00986cam a2200229 4500 |
| 001 - CONTROL NUMBER | |
| control field | L158923 |
| 008 - FIXED-LENGTH DATA ELEMENTS--GENERAL INFORMATION | |
| fixed length control field | 051206n2015 000 0 eng u |
| 020 ## - INTERNATIONAL STANDARD BOOK NUMBER | |
| International Standard Book Number | 9781848064270 |
| 035 ## - SYSTEM CONTROL NUMBER | |
| System control number | (Sirsi) u158923 |
| 041 0# - LANGUAGE CODE | |
| Language code of text/sound track or separate title | eng |
| 100 1# - MAIN ENTRY--PERSONAL NAME | |
| Personal name | Kukadia, Vina |
| 245 00 - TITLE STATEMENT | |
| Title | Designing to reduce the chemical, biological and radiological vulnerability of new buildings |
| 260 ## - PUBLICATION, DISTRIBUTION, ETC. | |
| Place of publication, distribution, etc. | Watford |
| Name of publisher, distributor, etc. | BRE |
| Date of publication, distribution, etc. | 2015 |
| 300 ## - PHYSICAL DESCRIPTION | |
| Extent | 12p. |
| Other physical details | ill. |
| Dimensions | 30cm. |
| 490 #0 - SERIES STATEMENT | |
| Series statement | BRE Information Paper |
| Volume/sequential designation | IP 7/15 |
| 520 ## - SUMMARY, ETC. | |
| Summary, etc. | Considers ventilation and infiltration as prime routes for the ingress of external contaminants into buildings. It provides an overview of some existing design standards, methods and practices to reduce chemical, bilogical and radiological (CBR) releases, that may be further reviewed and implemented at the design stage without adding significantly to costs. |
| 650 24 - SUBJECT ADDED ENTRY--TOPICAL TERM | |
| Topical term or geographic name entry element | VENTILATION |
| 651 #4 - SUBJECT ADDED ENTRY--GEOGRAPHIC NAME | |
| Geographic name | ENGLAND AND WALES |
| 690 ## - LOCAL SUBJECT ADDED ENTRY--TOPICAL TERM (OCLC, RLIN) | |
| Topical term or geographic name as entry element | Environment |
| 9 (RLIN) | 6238 |
| 700 1# - ADDED ENTRY--PERSONAL NAME | |
| Personal name | Abela, Alan |
| 942 ## - ADDED ENTRY ELEMENTS (KOHA) | |
| Suppress in OPAC | 0 |
| Withdrawn status | Lost status | Source of classification or shelving scheme | Damaged status | Not for loan | Home library | Current library | Shelving location | Date acquired | Total Checkouts | Full call number | Barcode | Date last seen | Copy number | Price effective from | Koha item type |
|---|---|---|---|---|---|---|---|---|---|---|---|---|---|---|---|
| Dewey Decimal Classification | London | London | BRE publications | 08/10/2015 | BRE | 30079036 | 06/08/2019 | 1 | 06/08/2019 | Book |